Municipalities of Carinthia (Slovenia) with a Map - Statistics

General Stats
  • This quiz has been taken 1,391 times
  • The average score is 6 of 12
Answers on the Map
Answers color-coded by a green-red scale on the quiz's map according to % correct below.
 
Answer Stats
Municipality % Correct
Črna na Koroškem
79%
Dravograd
68%
Muta
60%
Slovenj Gradec
59%
Mežica
56%
Ravne na Koroškem
53%
Prevalje
51%
Ribnica na Pohorju
48%
Mislinja
47%
Radlje ob Dravi
43%
Vuzenica
42%
Podvelka
41%
No matching quizzes found
Score Distribution
Percent of People with Each Score
Percentile by Number Answered
Your Score History
You have not taken this quiz